00991nam a2200265Ia 450000500170000000800410001702000150005810000460007324500750011925000390019430000280023349000280026160000800028965000420036965000460041165000330045770000400049074000340053026400270056433600270059133700330061833800280065104000350067908400110071420220317000525.0160601s2004 ck g 000 0 spa  a95804690911 aTurgueniev, Iván Sergueevichd1818-188310aPrimer amor cIván Turgueniev ; traducción de Cristobal de Castro a1a. edición b1a. reimpresión  a88, 55 páginasc18 cm aColección Cara y Cruz14aTurguâeniev, Ivâan Sergeevichd1818-1883 xCrítica e interpretación142LEMBaNovela juvenil rusa ySiglo XIX142LEMBaLiteratura juvenil rusa ySiglo XIX142LEMBaAmor en la literatura 1 aCastro, Cristóbal de,etraductor  aIván Turgueniev vida y obra aBogotá bNormac2004 atextobtxt2rdacontent asin mediaciónbn2rdamedia avolumenbnc2rdacarrier aCO-BoRNBPbspaerdacCO-BoRNBP aN TUR1